Understanding power : (Record no. 131108)
[ view plain ]
| 000 -LEADER | |
|---|---|
| fixed length control field | 01246cam a2200301 a 4500 |
| 001 - CONTROL NUMBER | |
| control field | 12401989 |
| 003 - CONTROL NUMBER IDENTIFIER | |
| control field | ARRUPE |
| 005 - DATE AND TIME OF LATEST TRANSACTION | |
| control field | 20211104103001.0 |
| 008 - FIXED-LENGTH DATA ELEMENTS--GENERAL INFORMATION | |
| fixed length control field | 010508s2002 nyu 001 0 eng |
| 010 ## - LIBRARY OF CONGRESS CONTROL NUMBER | |
| LC control number | 2001034298 |
| 020 ## - INTERNATIONAL STANDARD BOOK NUMBER | |
| International Standard Book Number | 1565847032 (pbk.) |
| 040 ## - CATALOGING SOURCE | |
| Original cataloging agency | DLC |
| Transcribing agency | DLC |
| Modifying agency | DLC |
| 050 00 - LIBRARY OF CONGRESS CALL NUMBER | |
| Classification number | P85.C47 |
| Item number | U5 2002 |
| 082 00 - DEWEY DECIMAL CLASSIFICATION NUMBER | |
| Classification number | 320 |
| Edition number | 21 |
| 300 ## - PHYSICAL DESCRIPTION | |
| Dimensions | 24 cm. |
| 100 1# - MAIN ENTRY--PERSONAL NAME | |
| Personal name | Chomsky, Noam. |
| 245 10 - TITLE STATEMENT | |
| Title | Understanding power : |
| Remainder of title | the indispensable Chomsky / |
| Statement of responsibility, etc | edited by Peter R. Mitchell and John Schoeffel. |
| 260 ## - PUBLICATION, DISTRIBUTION, ETC. (IMPRINT) | |
| Place of publication, distribution, etc | New York : |
| Name of publisher, distributor, etc | New Press, |
| Date of publication, distribution, etc | c2002. |
| 300 ## - PHYSICAL DESCRIPTION | |
| Extent | xiii, 416 p. ; |
| 500 ## - GENERAL NOTE | |
| General note | "Explanatory footnotes available at www.understandingpower.com." |
| 500 ## - GENERAL NOTE | |
| General note | Includes index. |
| 600 10 - SUBJECT ADDED ENTRY--PERSONAL NAME | |
| Personal name | Chomsky, Noam |
| General subdivision | Political and social views. |
| 9 (RLIN) | 22399 |
| 600 10 - SUBJECT ADDED ENTRY--PERSONAL NAME | |
| Personal name | Chomsky, Noam |
| Form subdivision | Interviews. |
| 9 (RLIN) | 22400 |
| 700 1# - ADDED ENTRY--PERSONAL NAME | |
| Personal name | Mitchell, Peter R. |
| 9 (RLIN) | 50985 |
| 700 1# - ADDED ENTRY--PERSONAL NAME | |
| Personal name | Schoeffel, John. |
| 9 (RLIN) | 50986 |
| 906 ## - LOCAL DATA ELEMENT F, LDF (RLIN) | |
| a | 7 |
| b | cbc |
| c | orignew |
| d | 1 |
| e | ocip |
| f | 20 |
| g | y-gencatlg |
| 942 ## - ADDED ENTRY ELEMENTS (KOHA) | |
| Source of classification or shelving scheme | Library of Congress Classification |
| Koha item type | Monograph ( Printed materials) |
| Withdrawn status | Lost status | Source of classification or shelving scheme | Damaged status | Not for loan | Collection code | Home library | Current library | Shelving location | Date acquired | Total Checkouts | Full call number | Barcode | Checked out | Date last seen | Date checked out | Price effective from | Koha item type |
|---|---|---|---|---|---|---|---|---|---|---|---|---|---|---|---|---|---|
| Library of Congress Classification | Main Collection | ARRUPE LIBRARY | ARRUPE LIBRARY | Main Collection | 04/11/2021 | 2 | P85.C47 U5 2002 | 46600007104 | 07/08/2023 | 07/08/2023 | 07/08/2023 | 04/11/2021 | Monograph ( Printed materials) |